| 000 | 01084nam a2200289 i 4500 | ||
|---|---|---|---|
| 001 | 9069 | ||
| 003 | ES-MaACL | ||
| 005 | 20250824201529.0 | ||
| 008 | 930203s1992 sp a 00110 spa d | ||
| 020 | _a84-86168-72-4 | ||
| 080 | _a025.174/.179 | ||
| 100 | 1 |
_aFothergill, Richard. _951912 |
|
| 245 | 1 | 0 |
_aMateriales no librarios en las bibliotecas : _bguía práctica / _cRichard Fothergill, Ian Butchart ; traducción del inglés, Purificación Moscoso Castro. |
| 250 | _a3ª ed. original. | ||
| 260 |
_aMadrid : _bFundación Germán Sánchez Ruipérez : _bPirámide, _c1992. |
||
| 300 |
_a376 p. : _bil ; _c21 cm. |
||
| 490 | 1 | _aBiblioteca del libro | |
| 504 | _aBibliografía: p. 371-375. | ||
| 650 | 4 |
_aBibliotecas- _xColecciones especiales- _vMateriales no librarios. _9175332 |
|
| 700 | 1 |
_aButchart, Ian. _932933 |
|
| 700 | 1 |
_aMoscoso, Purificación. _983751 |
|
| 830 | 1 | 0 |
_aBiblioteca del libro _9177916 |
| 852 | 4 |
_aES-MaACL _jL-16510 |
|
| 852 | 4 |
_aES-MaACL _jA-15085 _99329 _b134129 _cDEPO1 _dOlim: 025.174 FOT mat |
|
| 942 | _2udc | ||
| 999 |
_c9069 _d9069 |
||